| 000 | 00479nam a2200157Ia 4500 | ||
|---|---|---|---|
| 008 | 210210b2004 xxu||||| |||| 00| 0 eng d | ||
| 020 | _a81 229 0177 8 | ||
| 082 | _a070 DAVA | ||
| 100 | _aDAVIS (Charles N) and SPLICHAL (Sigman L). | ||
| 245 | _aAccess denied freedom of information in the information age. | ||
| 260 |
_aND _bSurjeet Publications, _c2004 |
||
| 300 | _axiv,268 | ||
| 650 | _aFreedom of press freedom of information | ||
| 690 | _aJournalism | ||
| 906 | _a059217 | ||
| 999 |
_c106094 _d106094 |
||